000 00573nam a22002297a 4500
003 UA-OsUOA
001 51934
007 ta
008 20080128b un ||||| |||| 00| 0 ukr d
100 _aЮхниця Є.
090 _a821.161.2
_bЮ94
942 _cBK
040 _aUA-OsUOA
_bukr
_cUA-OsUOA
_dUA-OsUOA
245 _aПоезія рішучої епохи
300 _a111 с.
955 _a3
041 _aukr
080 _a821.161.2
260 _aК.
_c2004
650 7 _a82 Література. Літературознавство
_2UDC
999 _c338024
_d338024